000 00719nam a22001935i 4500
001 165534
003 ES-MaACL
005 20250930063146.0
008 031014s1828 sp |||| | spa d
040 _aCYL
_bspa
_cCYL
100 0 _aSolís, Antonio de,
_d1610-1686
_9107210
245 1 0 _aComedias escogidas /
_cde Antonio Solís y Rivadeneira.
260 _aMadrid :
_b[s.n.],
_c1828 (
_fImprenta de Ortega y Compañía)
300 _a507 p. ;
_c15 cm.
500 _aEn port.: Tomo único.
505 8 _aContiene: Un bobo hace ciento -- El amor al uso -- El doctor Carlino -- La gitanilla de Madrid
852 _x
_aBA
_jR-2406
_z-- Enc. pasta
_x-- Olim: F-1389
999 _c165534
_d165534